Normativa municipal vigente

Saved in:
Bibliografiske detaljer
Hovedforfatter: Hernández Jaque, Nelly (Author)
Format: Bog
Sprog:spansk
Udgivet: Santiago Jurídica de Chile 1982
Fag:
Tags: Tilføj Tag
Ingen Tags, Vær først til at tagge denne postø!

MARC

LEADER 00000nam a2200000 a 4500
001 UCS0651
003 CL-VaPUC
008 970426e19820000CL |||||||||||||||||spa|d
082 0 4 |a 342.02  |b HER  |2 21 
100 |a Hernández Jaque, Nelly  |e author  |9 384387 
245 1 0 |a Normativa municipal vigente 
300 |a 2 v 
942 |c BK 
945 |d 19970426 00:00:00  |a paguirre 
260 |a Santiago  |b Jurídica de Chile  |c 1982 
500 |a Actualizada al 2 de Septiembre de 1982 
650 7 |a DERECHO MUNICIPAL  |2 CL-VaPUC  |9 257568 
650 0 |a Municipalidades   |9 255557 
650 0 |a Administración pública   |9 255343 
650 0 |a Gobierno local  |9 258648 
650 0 |a Derecho administrativo  |9 254851 
650 7 |a LEY ORGANICA DE MUNICIPALIDADES  |2 CL-VaPUC  |9 384147 
650 7 |a ORDENANZAS MUNICIPALES  |2 CL-VaPUC  |9 257662 
650 7 |a BIENES MUNICIPALES  |2 CL-VaPUC  |9 383892 
650 7 |a PATENTES MUNICIPALES  |2 CL-VaPUC  |9 382580 
650 7 |a JURISPRUDENCIA MUNICIPAL  |2 CL-VaPUC  |9 381038 
651 0 |a Santiago  |9 265444 
583 |a last modification  |c 19970426 00:00:00  |k Rodrigo Vera 
999 |c 258868  |d 258866 
952 |0 0  |1 0  |4 0  |6 342_020000000000000_HER_1982  |7 0  |8 A  |9 283213  |a BIBDER  |b BIBDER  |d 2019-11-19  |h v.1  |i 1839136  |o 342.02 HER 1982  |p 1839136  |r 2023-01-25  |w 2019-11-19  |y BK  |k DER 
952 |0 0  |1 0  |4 0  |6 342_020000000000000_HER_1982  |7 0  |8 A  |9 283214  |a BIBDER  |b BIBDER  |d 2019-11-19  |h v.2  |i 1839144  |o 342.02 HER 1982  |p 1839144  |r 2023-01-25  |w 2019-11-19  |y BK  |k DER